000 01629nam a2200385 a 4500
999 _c65555
_d65555
003 BLK
005 20250213131605.0
008 180408b bul|||||r ||||||| ||bul||
010 _aKNG00069833000
020 _a954-625-339-1
040 _aBLK
041 _aBUL
_cBUL
080 _aДинозаври
_b568.1
_x:087.5(031)
_z568.1:087.5(031)
100 _aДейвидсън, Сузана
_gАнглийска авторка на книги за деца.
_9489118
139 _aДейвидсън, Сузана и др.
_bД 34
245 1 0 _aГоляма енциклопедия за динозаврите
_bС адреси в Интернет
_cСузана Дейвидсън; съавт. Стефани Търнбул; съавт. Рейчъл Фърт; прев. Златозар Николаев Боев.
257 _aGBR
260 _bФют
_c2004
_fОтпеч. в Дубай
_aСофия
300 _a144 с.
_bс цв. ил.
_c31 см
380 _aDN
500 _aСъдържа и Наръчник за динозаври ; Речник. - Азб. показалец
650 4 _aДинозаври
_9153483
653 _aдинозаври
653 _aенциклопедии
700 1 _aТърнбул, Стефани
_eсъавт.
_9131922
700 1 _aФърт, Рейчъл
_eсъавт.
_9292523
700 _aБоев, Златозар Николаев
_9364135
852 _aЦб ІІ 14156
_bЦб
856 4 _qpdf
856 4 _qpdf
942 _cKNG
_n0
_08
_s1
944 _aCR
_c05.12.2006
_k30560
_lГеновева Генчева
944 _aED
_c08.12.2006
999 _d65555